[Event "AUTO-OPEN-2721"]
[Site "http://www.queenalice.com/game.php?id=1075379"]
[Date "2012.6.23"]
[Round "1"]
[White "jcuchi"]
[Black "Fischercat"]
[Result "1-0"]
[WhiteElo "1333"]
[BlackElo "1821"]

1. e4 e5 2. Nf3 d6 3. d4 Nf6 4. Bg5 exd4 5. Nxd4 c5 6. Nf5 g6 7. Ne3 Be7 8. Bc4
Nxe4 9. Bf4 Bg5 10. Qf3 Bxf4 11. Qxe4+ Kf8 12. Qxf4 f5 13. O-O Nc6 14. Nc3 Nd4
15. Ncd5 b5 16. Bd3 c4 17. Qxd4 1-0

[Event "AUTO-INT-2403"]
[Site "http://www.queenalice.com/game.php?id=1091601"]
[Date "2012.8.9"]
[Round "1"]
[White "Ivanikov"]
[Black "jcuchi"]
[Result "1-0"]
[WhiteElo "1653"]
[BlackElo "1341"]

1. e4 d6 2. d4 e5 3. d5 Nf6 4. Bg5 Be7 5. Bd3 Nxd5 6. Bxe7 Nxe7 7. Nc3 O-O 8.
Nf3 Nbc6 9. O-O Bg4 10. h3 Bh5 11. Be2 Ng6 12. g4 Bxg4 13. hxg4 Nf4 14. Nd5 Qd7
15. Ne1 Rae8 16. f3 Re6 17. Ng2 Nxg2 18. Kxg2 Rh6 19. Rh1 Qe6 20. Nxc7 Qg6 21.
Rxh6 Qxh6 22. Nd5 Nd4 23. c3 Ne6 24. Qc1 Nf4+ 25. Nxf4 exf4 26. Qd2 Rd8 27. Rh1
Qf6 28. Qd5 1-0

[Event "AUTO-INT-2403"]
[Site "http://www.queenalice.com/game.php?id=1091602"]
[Date "2012.8.9"]
[Round "1"]
[White "jcuchi"]
[Black "Ivanikov"]
[Result "0-1"]
[WhiteElo "1345"]
[BlackElo "1649"]

1. e4 c5 2. Nf3 d6 3. d4 cxd4 4. Nxd4 Nf6 5. Nc3 g6 6. Bc4 Bg7 7. O-O O-O 8. Kh1
a6 9. Be3 b5 10. Bb3 Ng4 11. Nd5 Nxe3 12. Nxe3 Bb7 13. f3 Nc6 14. c3 Rc8 15. Bd5
e6 16. Bb3 Na5 17. Bxe6 Bxd4 18. Qxd4 fxe6 19. Rfd1 Nc4 20. b3 Nxe3 21. Qxe3 Qe7
22. Kg1 d5 23. exd5 Qc5 24. Qxc5 Rxc5 25. b4 Rxd5 26. Rxd5 Bxd5 27. a4 Bc4 0-1

[Event "AUTO-INT-2403"]
[Site "http://www.queenalice.com/game.php?id=1091615"]
[Date "2012.8.9"]
[Round "1"]
[White "leking"]
[Black "jcuchi"]
[Result "1-0"]
[WhiteElo "1616"]
[BlackElo "1414"]

1. e4 d6 2. d4 Nf6 3. Nc3 g6 4. Nf3 Bg7 5. e5 dxe5 6. dxe5 Qxd1+ 7. Nxd1 Ng4 8.
Bf4 Nc6 9. Nc3 Ngxe5 10. O-O-O Bf5 11. Bb5 O-O 12. Nxe5 Nxe5 13. Rhe1 f6 14. Bd3
Bxd3 15. Bxe5 fxe5 16. Rxd3 Rxf2 17. Ne4 Rxg2 18. Nc5 Rb8 19. h3 Rh2 20. Ne4 Rf8
21. Ng5 Bh6 22. Rg1 Rff2 23. Rdg3 Rxc2+ 24. Kd1 Rxb2 25. Ne4 1-0

[Event "AUTO-INT-2403"]
[Site "http://www.queenalice.com/game.php?id=1091616"]
[Date "2012.8.9"]
[Round "1"]
[White "jcuchi"]
[Black "leking"]
[Result "0-1"]
[WhiteElo "1404"]
[BlackElo "1624"]

1. e4 e5 2. Nf3 Nc6 3. d4 exd4 4. Nxd4 Nxd4 5. Qxd4 Ne7 6. Bc4 Nc6 7. Qd1 d6 8.
O-O Be6 9. Nd2 Be7 10. Bxe6 fxe6 11. Qg4 Qd7 12. Qxg7 Rf8 13. Qxh7 O-O-O 14. Nc4
Nd4 15. Be3 Nxc2 16. Rac1 Nxe3 17. Nxe3 Rh8 18. Qg7 Rhg8 19. Qc3 e5 20. Rc2 Bf6
21. Nd5 Be7 22. f3 Rg7 23. Rfc1 Bf8 0-1

[Event "AUTO-INT-2403"]
[Site "http://www.queenalice.com/game.php?id=1091625"]
[Date "2012.8.9"]
[Round "1"]
[White "jcuchi"]
[Black "volga1"]
[Result "0-1"]
[WhiteElo "1316"]
[BlackElo "1258"]

1. e4 g6 2. d4 Bg7 3. Nf3 d6 4. Nc3 Nd7 5. Bc4 e6 6. O-O Ne7 7. Be3 a6 8. a4 b6
9. Qd2 h6 10. h3 Bb7 11. Rfe1 g5 12. Rad1 c6 13. d5 cxd5 14. exd5 Bxc3 0-1

[Event "AUTO-INT-2403"]
[Site "http://www.queenalice.com/game.php?id=1091626"]
[Date "2012.8.9"]
[Round "1"]
[White "volga1"]
[Black "jcuchi"]
[Result "1-0"]
[WhiteElo "1276"]
[BlackElo "1298"]

1. e4 d6 2. Nf3 Nf6 3. Nc3 g6 4. d4 Bg7 5. Bc4 O-O 6. Bg5 Nbd7 7. e5 dxe5 8.
dxe5 Ng4 9. Qd2 Ndxe5 10. Nxe5 Nxe5 11. Bb3 Qxd2+ 12. Kxd2 Bf5 13. Bxe7 Rfe8 14.
Nd5 Nc6 15. Bf6 1-0

[Event "AUTO-INT-2420"]
[Site "http://www.queenalice.com/game.php?id=1097701"]
[Date "2012.8.29"]
[Round "1"]
[White "jcuchi"]
[Black "coutovet"]
[Result "0-1"]
[WhiteElo "1357"]
[BlackElo "1662"]

1. e4 e5 2. Nf3 d6 3. d4 exd4 4. Nxd4 c5 5. Bb5+ Bd7 6. Nc3 a6 7. Bxd7+ Nxd7 8.
Nf5 h6 9. O-O Nb6 10. Bf4 Nc4 0-1

[Event "AUTO-INT-2420"]
[Site "http://www.queenalice.com/game.php?id=1097702"]
[Date "2012.8.29"]
[Round "1"]
[White "coutovet"]
[Black "jcuchi"]
[Result "1-0"]
[WhiteElo "1658"]
[BlackElo "1361"]

1. e4 e6 2. d4 d5 3. e5 g6 4. a3 Bg7 5. Nf3 Ne7 6. Nc3 O-O 7. Bf4 Nbc6 8. Qd2
Nf5 9. O-O-O Bd7 10. g3 a6 11. h4 1-0

[Event "AUTO-INT-2420"]
[Site "http://www.queenalice.com/game.php?id=1097703"]
[Date "2012.8.29"]
[Round "1"]
[White "jcuchi"]
[Black "Philchess"]
[Result "0-1"]
[WhiteElo "1337"]
[BlackElo "1469"]

1. e4 c5 2. Nf3 e6 3. Nc3 d5 4. d4 c4 5. Be2 Bb4 6. Bd2 Bxc3 7. Bxc3 Ne7 8. O-O
O-O 9. e5 Nbc6 10. Qd2 Ng6 11. b3 b5 12. a4 b4 13. Bxb4 a5 14. Bxf8 Qxf8 15.
bxc4 Bd7 0-1

[Event "AUTO-INT-2420"]
[Site "http://www.queenalice.com/game.php?id=1097704"]
[Date "2012.8.29"]
[Round "1"]
[White "Philchess"]
[Black "jcuchi"]
[Result "1-0"]
[WhiteElo "1480"]
[BlackElo "1326"]

1. e4 e6 2. d4 d5 3. e5 g6 4. Nf3 c6 5. Be2 Bg7 6. Bg5 Ne7 7. Bxe7 Qxe7 8. Nc3
O-O 9. O-O b6 10. Qd3 c5 11. Qe3 Ba6 12. Bxa6 Nxa6 13. a3 c4 14. h3 Rfb8 15. b3
1-0

[Event "AUTO-INT-2420"]
[Site "http://www.queenalice.com/game.php?id=1097705"]
[Date "2012.8.29"]
[Round "1"]
[White "jcuchi"]
[Black "diego2907"]
[Result "0-1"]
[WhiteElo "1395"]
[BlackElo "1787"]

1. e4 e5 2. Nf3 d5 3. Nc3 d4 4. Nb5 a6 5. Na3 f6 6. Bc4 Bxa3 7. bxa3 Nc6 8. Rb1
Nge7 9. O-O Bg4 10. Rxb7 Na5 11. Rb4 Nxc4 12. Rxc4 O-O 13. c3 d3 14. Rb4 Nc6 15.
Rb7 Na5 16. Rb4 c5 17. Rb1 c4 0-1

[Event "AUTO-INT-2420"]
[Site "http://www.queenalice.com/game.php?id=1097706"]
[Date "2012.8.29"]
[Round "1"]
[White "diego2907"]
[Black "jcuchi"]
[Result "1-0"]
[WhiteElo "1785"]
[BlackElo "1396"]

1. e4 e6 2. Bc4 Nf6 3. d3 d5 4. exd5 exd5 5. Bb3 Bc5 6. d4 Bb6 7. Bg5 Nc6 8.
Qe2+ Ne7 9. Bxf6 gxf6 10. c3 Bf5 11. Nd2 Qd6 12. h3 O-O-O 13. Ndf3 Be4 14. O-O-O
Rhg8 15. a3 Rxg2 16. Bc2 f5 17. Bxe4 fxe4 18. Ne5 1-0